Los besitos / (Registro nro. 2246)

Detalles MARC
000 -CABECERA
Longitud fija campo de control 00951nam a2200301 a 4500
003 - • IDENTIFICADOR DELl NÚMERO DE CONTROL
Identificador del número de control CO-ViMGA
008 - • CÓDIGOS DE INFORMACIÓN DE LONGITUD FIJA
Códigos de información de longitud fija 141112s2004 ck r 000 u spa d
020 ## - • NÚMERO INTERNACIONAL NORMALIZADO PARA LIBROS
Número Internacional Normalizado para Libros (ISBN) 9789589159439
040 ## - FUENTE DE LA CATALOGACIÓN
Centro catalogador de origen CO-ViMGA
Lengua de catalogación spa
Centro transcriptor CO-ViMGA
041 ## - • CÓDIGO DE LENGUA
Código de lengua del texto/banda sonora o título independiente SPA
100 1# - • PUNTO DE ACCESO PRINCIPAL-NOMBRE DE PERSONA
Nombre de persona Gutman, Anne
245 10 - • TITULO PROPIAMENTE DICHO
Título Los besitos /
Mención de responsabilidad, etc. Anne Gutman, Gerg Hallensleben ; traducción Christiane Reyes
250 ## - • MENCIÓN DE EDICIÓN
Mención de edición 2a ed.
300 ## - • DESCRIPCIÓN FÍSICA
Extensión 14 p. : il. col. : il.
490 ## - • MENCIÓN DE SERIE
Mención de serie Mira mira
650 14 - • PUNTO DE ACCESO ADICIONAL DE MATERIA - TÉRMINO DE MATERIA
Término de materia o nombre geográfico como elemento inicial ANIMALES - LIBROS DE IMAGENES
650 14 - • PUNTO DE ACCESO ADICIONAL DE MATERIA - TÉRMINO DE MATERIA
Término de materia o nombre geográfico como elemento inicial DESDE LOS 6 MESES
650 14 - • PUNTO DE ACCESO ADICIONAL DE MATERIA - TÉRMINO DE MATERIA
Término de materia o nombre geográfico como elemento inicial LEER ES MI CUENTO - COLECCION 2011
650 14 - • PUNTO DE ACCESO ADICIONAL DE MATERIA - TÉRMINO DE MATERIA
Término de materia o nombre geográfico como elemento inicial LITERATURA INFANTIL FRANCESA
650 14 - • PUNTO DE ACCESO ADICIONAL DE MATERIA - TÉRMINO DE MATERIA
Término de materia o nombre geográfico como elemento inicial RELACION PADRE - HIJOS - LIBROS DE IMAGENES
700 1# - • PUNTO DE ACCESO ADICIONAL - NOMBRE DE PERSONA
Nombre de persona Hallensleben, Georg
700 1# - • PUNTO DE ACCESO ADICIONAL - NOMBRE DE PERSONA
Nombre de persona Hallensleben, Georg
700 1# - • PUNTO DE ACCESO ADICIONAL - NOMBRE DE PERSONA
Nombre de persona Reyes, Christiane
942 ## - ENTRADA DE ELEMENTOS AGREGADOS (KOHA)
Fuente de clasificaión o esquema Dewey Decimal Classification
Koha [por defecto] tipo de item LIbro
Existencias
Perdido Fuente de clasificación o esquema Estado Físico No para préstamo Forma de adquisición Localización permanente Localización actual Localización en estanterías Fecha adquisición Préstamos totales Signatura completa Código de barras Fecha última consulta Número de copia Fecha del precio de reemplazo Tipo de item de Koha Serie de enumeración / cronolog&íacute;a Note pública
  Dewey Decimal Classification     Infantil Biblioteca Pública Cubarral Biblioteca Pública Cubarral Sala Infantil 07/25/2023   A GUT CUB00896 07/25/2023 Ej.1 07/25/2023 Libro Infantil    
  Dewey Decimal Classification     Infantil Biblioteca Pública José Eustasio Rivera - San Martin Biblioteca Pública José Eustasio Rivera - San Martin Sala Infantil 05/15/2023   A GUT SM00570 05/15/2023 Ej.1 05/15/2023 Libro Infantil    
        Colección Sala Infantil de Literatura Pocatil y Tilín Biblioteca Pública Departamental Eduardo Carranza - Villavicencio Biblioteca Pública Departamental Eduardo Carranza - Villavicencio Sala Infantil 06/07/2012   A GUT1 ECA21112 11/25/2024 Ej.1 11/25/2024 LIbro   15551 | 20277
  Dewey Decimal Classification     Sala Infantil Segundo Piso Biblioteca Pública Germán Arciniegas - Villavicencio Biblioteca Pública Germán Arciniegas - Villavicencio   12/04/2015   A GUT1 25106 07/26/2024 Ej. 1 12/04/2015 LIbro 27/jun/2012  
  Dewey Decimal Classification     Infantil Biblioteca Pública Mesetas - Franco lodo Poloxi Biblioteca Pública Mesetas - Franco lodo Poloxi   03/18/2025     9789589159439 03/18/2025 Ej.1 03/18/2025 LIbro    
  Dewey Decimal Classification     Infantil Biblioteca Pública San Juanito - Ernesto Maria Peña Romero Biblioteca Pública San Juanito - Ernesto Maria Peña Romero Sala Infantil 01/19/2024   A GUT1 SJU00227 01/19/2024 Ej.1 01/19/2024 LIbro    









Instituto Departamental de Cultura del Meta - Red Departamental de Bibliotecas Públicas del Meta.